000 00396nam a2200157Ia 4500
008 151213s9999 xx 000 0 und d
100 _aJ. Sutharland
245 _aJ.S.A.Eighteenth Century Poetry
_cJ. Sutharland
250 _a1st
260 _aLondon
_bOxford University Press
_c1970
300 _a4343 p.
650 _aEnglish
650 _aPoetry
700 _aJ. Sutharland
999 _c2757
_d2757